000 00197nam a2200073Ia 4500
008 170523s9999 xx 000 0 und d
100 _aDouglas- Bodie
245 0 _aConcepts and Models of Inorganic Chemistry
260 _aWiley India
999 _c12303
_d12303